| Tag |
First Indicator |
Second Indicator |
Subfields |
| LEADER |
00000cam a2200000 a 4500 |
| 001 |
in00002020421 |
| 005 |
20151031181929.0 |
| 008 |
880401s1987 gw a b 000 0 ger c |
| 010 |
|
|
|a 88126569
|
| 020 |
|
|
|a 3518282360 (pbk.)
|
| 029 |
1 |
|
|a NLGGC
|b 195556828
|
| 035 |
|
|
|a (OCoLC)ocm17284807
|
| 040 |
|
|
|a MH
|c HLS
|d NLGGC
|d TXA
|d UtOrBLW
|
| 049 |
|
|
|a TXAM
|
| 050 |
1 |
0 |
|a BD331
|b .D57 1987
|
| 084 |
|
|
|a 71.02
|2 bcl
|
| 245 |
0 |
4 |
|a Der Diskurs des radikalen Konstruktivismus /
|c herausgegeben von Siegfried J. Schmidt.
|
| 250 |
|
|
|a 1. Aufl.
|
| 264 |
|
1 |
|a Frankfurt am Main :
|b Suhrkamp,
|c 1987.
|
| 300 |
|
|
|a 476 pages :
|b illustrations ;
|c 18 cm.
|
| 336 |
|
|
|a text
|b txt
|2 rdacontent
|
| 337 |
|
|
|a unmediated
|b n
|2 rdamedia
|
| 338 |
|
|
|a volume
|b nc
|2 rdacarrier
|
| 490 |
1 |
|
|a Suhrkamp Taschenbuch Wissenschaft ;
|v 636
|
| 504 |
|
|
|a Bibliography: pages 466-474.
|
| 650 |
|
0 |
|a Constructivism (Philosophy)
|
| 650 |
1 |
7 |
|a Maatschappij.
|2 gtt
|
| 650 |
1 |
7 |
|a Theorieën.
|2 gtt
|
| 700 |
1 |
|
|a Schmidt, Siegfried J.,
|d 1940-
|
| 830 |
|
0 |
|a Suhrkamp Taschenbuch Wissenschaft ;
|v 636.
|
| 994 |
|
|
|a C0
|b TXA
|
| 948 |
|
|
|a cataloged
|b h
|c 2006/10/5
|d c
|e jlanham
|f 8:10:35 am
|
| 999 |
|
|
|a MARS
|
| 999 |
f |
f |
|s 0977637e-4217-36b7-bc38-72e74b36af2f
|i f849aed3-bdff-3302-b106-e147c8754222
|t 0
|
| 952 |
f |
f |
|p ric
|a Texas A&M University
|b Rellis Campus
|c Joint Library Facility
|d Remote Storage
|t 0
|e BD331 .D57 1987
|h Library of Congress classification
|i unmediated -- volume
|m A14834921625
|
| 998 |
f |
f |
|a BD331 .D57 1987
|t 0
|l Remote Storage
|